| 000 | 00608nam a22002057a 4500 | ||
|---|---|---|---|
| 005 | 20180502110200.0 | ||
| 010 | _aENG-122846 | ||
| 020 |
_a9789386702258 _c350.00 |
||
| 035 | _aEN-106378 | ||
| 037 | _bDBAD/PUB | ||
| 082 | _a599.7554 | ||
| 100 | _aJonathan | ||
| 245 |
_aThe leopard's tale / _cby Jonathan [and] Angela Scott |
||
| 260 |
_aNew Delhi _bSpeaking Tiger _c2017 |
||
| 270 |
_a4381/4, Ansari Road, Daryaganj, _bNew Delhi _e110002 |
||
| 300 |
_a228p. _c21cm(pbk) _bill. |
||
| 500 | _aIt include bibliography | ||
| 700 | _aScott, Angela | ||
| 942 |
_2ddc _cEN _mJON _h599.7554 |
||
| 999 |
_c151819 _d151819 |
||